Hyperglykémia - prognostický faktor kriticky chorých detí

Bibliographic Details
Main Authors: Ďurdík, Peter, 1978- (Author), Minarik, Milan, 1961- (Author), Nogová, B. (Author), Panisová, P. (Author), Prostredná, E. (Author), Nosáľ, Slavomír, 1966- (Author)
Corporate Author: Slovenský pediatrický kongres (Author)
Format: Conference Proceeding Article
Language:English
Slovak
ISSN:0069-2328
Subjects:

MARC

LEADER 00000nab a2200000 a 4500
001 vtls008875006
003 SK-MaSNL
005 20260304022528.0
008 141112c2005 xo 0 eng
015 |a SNBCL2005/5 
035 |a SLK035155 
040 |a SLKCL  |b slo  |c SNKBUCL  |e AACR2 
041 1 |a eng  |a slo 
044 |a xo  |c SK 
080 |a 616.379-008.64-053.2:061.3  |2 1981 
245 0 0 |a Hyperglykémia - prognostický faktor kriticky chorých detí  |c P. Ďurdík ... [et al.] 
246 1 1 |a Hyperglycemia - a prognostic factor of critically ill children 
650 0 7 |a hyperglykémia  |x komplikácie  |2 MESH  |9 1301506 
650 0 7 |a stav kritický  |x klasifikácia  |2 MESH  |9 1301507 
650 0 7 |a dieťa hospitalizované  |x klasifikácia  |2 MESH  |9 1258111 
650 0 7 |a prežívanie  |x psychológia  |2 MESH  |9 1301508 
650 0 7 |a faktory rizikové  |2 MESH  |9 838956 
650 0 7 |a diagnostika (medicína)  |2 MESH  |9 28740 
650 0 7 |a terapeutika  |2 MESH  |9 21659 
650 0 7 |a abstrakty z kongresu  |2 MESH  |9 168204 
700 1 |a Ďurdík, Peter,  |d 1978-  |4 aut  |9 201145 
700 1 |a Minarik, Milan,  |d 1961-  |4 aut  |9 192823 
700 1 |a Nogová, B.  |4 aut  |9 1301509 
700 1 |a Panisová, P.  |4 aut  |9 1301510 
700 1 |a Prostredná, E.  |4 aut  |9 1301511 
700 1 |a Nosáľ, Slavomír,  |d 1966-  |4 aut  |9 193325 
711 2 |a Slovenský pediatrický kongres  |n (5. :  |d 2005 :  |c Bratislava, Slovensko)  |4 aut  |9 171695 
773 0 |t Česko-slovenská pediatrie  |g Roč. 60, č. 8-9 (2005), s. 472-473  |x 0069-2328 
850 |a Slovenská lekárska knižnica v Bratislave  |a BA006 
852 |a BA006  |b KIS3GCP  |b 000500000 
999 |c 2611708  |d 2613638